000 00446nam a2200193Ia 4500
005 20250603144707.0
008 250603s9999 xx 000 0 und d
020 _a0321227352
050 _aTK 5105.875.157 .K88/
100 _aJames F. Kurose
245 0 _aComputer Networking
250 _a3rd. ed.
260 _aNew York
260 _bPearson Addison Wesley
260 _c2005
300 _a821 p
650 _aNew York
942 _cBK
999 _c39678
_d39678